<?xml version="1.0" encoding="UTF-8"?>
<record
    xmlns:xsi="http://www.w3.org/2001/XMLSchema-instance"
    xsi:schemaLocation="http://www.loc.gov/MARC21/slim http://www.loc.gov/standards/marcxml/schema/MARC21slim.xsd"
    xmlns="http://www.loc.gov/MARC21/slim">

  <leader>05166nam a2200385 i 4500</leader>
  <controlfield tag="003">EG-ScBUE</controlfield>
  <controlfield tag="005">20230906145709.0</controlfield>
  <controlfield tag="008">200219s2021    e  a   f b    001 0 eng d</controlfield>
  <datafield tag="020" ind1=" " ind2=" ">
    <subfield code="a">9781108473026</subfield>
  </datafield>
  <datafield tag="040" ind1=" " ind2=" ">
    <subfield code="a">EG-ScBUE</subfield>
    <subfield code="b">eng</subfield>
    <subfield code="e">rda</subfield>
    <subfield code="c">EG-ScBUE</subfield>
    <subfield code="d">EG-ScBUE</subfield>
  </datafield>
  <datafield tag="082" ind1="0" ind2="4">
    <subfield code="a">781.54</subfield>
    <subfield code="2">22</subfield>
    <subfield code="b">CAM</subfield>
  </datafield>
  <datafield tag="245" ind1="0" ind2="4">
    <subfield code="a">The Cambridge companion to video game music /</subfield>
    <subfield code="c">edited by Melanie Fritsch, Heinrich Heine University Dusseldorf, Tim Summers, Royal Holloway, University of London.</subfield>
  </datafield>
  <datafield tag="264" ind1=" " ind2="1">
    <subfield code="a">Cambridge, United Kingdom ;</subfield>
    <subfield code="a">New York, NY :</subfield>
    <subfield code="b">Cambridge University Press,</subfield>
    <subfield code="c">2021.</subfield>
  </datafield>
  <datafield tag="300" ind1=" " ind2=" ">
    <subfield code="a">xxxv, 446 pages :</subfield>
    <subfield code="b">illustrations ;</subfield>
    <subfield code="c">28 cm.</subfield>
  </datafield>
  <datafield tag="336" ind1=" " ind2=" ">
    <subfield code="a">text</subfield>
    <subfield code="b">txt</subfield>
    <subfield code="2">rdacontent</subfield>
  </datafield>
  <datafield tag="337" ind1=" " ind2=" ">
    <subfield code="a">computer</subfield>
    <subfield code="b">c</subfield>
    <subfield code="2">rdamedia</subfield>
  </datafield>
  <datafield tag="338" ind1=" " ind2=" ">
    <subfield code="a">online resource</subfield>
    <subfield code="b">cr</subfield>
    <subfield code="2">rdacarrier</subfield>
  </datafield>
  <datafield tag="490" ind1="0" ind2=" ">
    <subfield code="a">Cambridge companions to music</subfield>
  </datafield>
  <datafield tag="504" ind1=" " ind2=" ">
    <subfield code="a">Includes bibliographical references and index.</subfield>
  </datafield>
  <datafield tag="505" ind1="0" ind2=" ">
    <subfield code="a">Foreword. The Collaborative Art of Game Music / Lydia Andrew -- Introduction / Melanie Fritsch and Tim Summers -- Introduction to Part 1. Chiptunes. Before Red Book : Early Video Game Music and Technology / James Newman ; Chiptune, Ownership and the Digital Underground / Kenneth B. McAlpine ; Waveform Wizard : An Interview with Junko Ozawa / Junko Ozawa, trans. Lyman Gamberton -- Introduction to Part 2. Creating and Programming Game Music. Building Relationships: The Process of Creating Game Music / Guy Michelmore ; The Inherent Conflicts of Musical Interactivity in Video Games / Richard Stevens ; The Triple Lock of Synchronization / K.J. Donnelly ; (3z(BLess Music, Now!(3y(B : New Contextual Approaches to Video Game Soundtracks / Rob Bridgett ; Composing for Independent Games. The Music of Kentucky Route Zero / Ben Babbitt -- Introduction to Part 3. Analytical Approaches. Music Games / Michael Austin ; Autoethnography, Phenomenology and Hermeneutics / Michiel Kamp ; Interacting with Soundscapes : Music, Sound Effects, and Dialogue in Video Games / Elizabeth Medina-Gray ; Analytical Traditions and Game Music : Super Mario Galaxy as a Case Study / Steven Reale ; Semiotics in Game Music / Iain Hart ; Game - Music - Performance. Introducing a Ludomusicological Theory and Framework / Melanie Fritsch -- Introduction to Part 4. Realities, Perception and Psychology. A Step Back from Reality : Sound and Presence in Computer Games and Other Worlds / Mark Grimshaw-Aagaard ; Audio and the Experience of Gaming : A Cognitive-Emotional Approach to Video Game Sound / Dana Plank ; Physiological Responses and Game Music  / Duncan Williams -- Introduction to Part 5. Game Music, Contexts and Identities. Game Music and Identity / Chris Tonelli ; Game Music and History / James Cook ; Open Worlds : Globalization, Localization, and Video Game Music / William Gibbons ; Female Credit : Excavating Recognition for the Capcom Sound Team / Hillegonda C. Rietveld and Andrew Lemon -- Introduction to Part 6. Beyond the Game. Pop Music, Economics and Marketing / Andra Iv&#xFFFD;anescu ; Game Music Beyond the Games / Ryan Thompson ; Producing Game Music Concerts / Thomas B&#xFFFD;ocker.</subfield>
  </datafield>
  <datafield tag="520" ind1=" " ind2=" ">
    <subfield code="a">"Video game music has been permeating popular culture for over forty years, at least since the titular aliens of Space Invaders arrived in 1978, accompanied by an ever-accelerating musical ostinato. Now, reaching hundreds of millions of listeners, game music has grown to encompass a diverse spectrum of musical materials and practices. Its instrumentation ranges from orchestras to rock bands, its contexts from bedroom televisions to concert halls, its materials from 'art music' to Top-40 pop, and its systems from generative music technologies to carefully hand-crafted idiosyncratic musical structures. No longer a novelty within electronic music technology, nor a poor relative to film music, game music engages huge audiences, large budgets, and is the site of innovative scholarship. As well as being a crucial component of the audio-visual interactive experience of video gaming, game music has also had a marked impact on broader popular culture. Simply put, video game music is an important aspect of the musical life of the late-twentieth and twenty-first centuries in the Western world, and has cross-fertilized with many musical genres. At the same time, game music highlights a long tradition of music and play that can be traced back to antiquity"--</subfield>
    <subfield code="c">Provided by publisher.</subfield>
  </datafield>
  <datafield tag="588" ind1=" " ind2=" ">
    <subfield code="a">Description based on print version record and CIP data provided by publisher; resource not viewed.</subfield>
  </datafield>
  <datafield tag="650" ind1=" " ind2="7">
    <subfield code="a">Video game music</subfield>
    <subfield code="x">History and criticism.</subfield>
    <subfield code="2">BUEsh</subfield>
  </datafield>
  <datafield tag="650" ind1=" " ind2="7">
    <subfield code="a">Video game music</subfield>
    <subfield code="x">Psychological aspects.</subfield>
    <subfield code="2">BUEsh</subfield>
  </datafield>
  <datafield tag="650" ind1=" " ind2="7">
    <subfield code="a">Video game music</subfield>
    <subfield code="x">Production and direction.</subfield>
    <subfield code="2">BUEsh</subfield>
  </datafield>
  <datafield tag="650" ind1=" " ind2="7">
    <subfield code="a">Chiptunes</subfield>
    <subfield code="x">History and criticism.</subfield>
    <subfield code="2">BUEsh</subfield>
  </datafield>
  <datafield tag="653" ind1=" " ind2=" ">
    <subfield code="b">ART</subfield>
    <subfield code="2">GD</subfield>
  </datafield>
  <datafield tag="655" ind1=" " ind2=" ">
    <subfield code="v">Reading book</subfield>
  </datafield>
  <datafield tag="700" ind1="1" ind2=" ">
    <subfield code="a">Fritsch, Melanie,</subfield>
    <subfield code="e">editor.</subfield>
  </datafield>
  <datafield tag="700" ind1="1" ind2=" ">
    <subfield code="a">Summers, Tim,</subfield>
    <subfield code="d">1987-</subfield>
    <subfield code="e">editor.</subfield>
  </datafield>
  <datafield tag="776" ind1="0" ind2="8">
    <subfield code="i">Print version:</subfield>
    <subfield code="t">Cambridge companion to video game music</subfield>
    <subfield code="b">[1.]</subfield>
    <subfield code="d">Cambridge, United Kingdom ; New York, NY : Cambridge University Press, 2021</subfield>
    <subfield code="z">9781108473026</subfield>
    <subfield code="w">(DLC) 2021026875</subfield>
  </datafield>
  <datafield tag="906" ind1=" " ind2=" ">
    <subfield code="a">7</subfield>
    <subfield code="b">cbc</subfield>
    <subfield code="c">orignew</subfield>
    <subfield code="d">1</subfield>
    <subfield code="e">ecip</subfield>
    <subfield code="f">20</subfield>
    <subfield code="g">y-gencatlg</subfield>
  </datafield>
  <datafield tag="942" ind1=" " ind2=" ">
    <subfield code="2">ddc</subfield>
    <subfield code="c">BB</subfield>
  </datafield>
  <datafield tag="999" ind1=" " ind2=" ">
    <subfield code="c">30529</subfield>
    <subfield code="d">30500</subfield>
  </datafield>
</record>
